| 000 | 00722cam a22002413a 4500 | ||
|---|---|---|---|
| 001 | 30201 | ||
| 003 | PGUSA | ||
| 005 | 20140828083643.0 | ||
| 008 | 091006s2009||||xxu|||||s|||||000 | eng d | ||
| 040 |
_aPGUSA _beng |
||
| 042 | _adc | ||
| 050 | 4 | _aPA | |
| 100 | 1 |
_aErasmus, Desiderius, _d1469-1536 |
|
| 245 | 1 | 0 |
_aIn Praise of Folly : _bIllustrated with Many Curious Cuts _h[electronic resource] / _cDesiderius Erasmus |
| 260 |
_bProject Gutenberg, _c2009 |
||
| 506 | _aPublic domain in the USA. | ||
| 516 | _aElectronic text | ||
| 653 | _aFolly -- Early works to 1800 | ||
| 700 | 1 |
_aHolbein, Hans, _d1497-1543 |
|
| 830 | 0 |
_aProject Gutenberg _v30201 |
|
| 856 | 4 | 0 | _uhttp://www.gutenberg.org/ebooks/30201 |
| 942 | _cEB | ||
| 999 |
_c259456 _d259456 |
||